000 00363pab a2200145 454500
008 180718b1989 xxu||||| |||| 00| 0 eng d
100 _aVashneya, J.S.
245 _aPerspective of banking system by 2000 A.D.
260 _c1989
300 _a104-13
362 _aMar.
650 _aBanks - India
773 _aPunjab National bank Monthly Review
909 _a4367
999 _c4367
_d4367